| 000 | 00545nam a2200133Ia 4500 | ||
|---|---|---|---|
| 008 | 081213s9999 xx 000 0 und d | ||
| 050 |
_aBX5037 _b.T46 1965 |
||
| 245 |
_aDaily readings from William temple/ _ccompiled by Hugh C. Warner (edited and abridged by Bishop William Wand) |
||
| 260 |
_c1965 _aLondon _bHodder and Stoughton |
||
| 300 |
_a187 p. ; _c18 cm. |
||
| 650 | _bReadings | ||
| 942 |
_cBK _2lcc |
||
| 999 |
_c17185 _d17185 |
||